[Event "Torneo Aficionados Sub-2000 Utiel"]
[Site "Utiel, Spain"]
[Date "2018.08.26"]
[Round "7.4"]
[White "Martinez Escandell, Alfonso"]
[Black "Capella Gimenez, Jose M"]
[Result "1-0"]
[WhiteElo "1895"]
[BlackElo "1997"]
[PlyCount "67"]
[EventDate "2018.??.??"]

1. e4 {[%clk 00:07:04]  [%emt 00:00:03]} 1... g6 {[%clk 00:07:05]} 2. d4 {
[%clk 00:07:06]} 2... Bg7 {[%clk 00:07:07]} 3. Nf3 {[%clk 00:07:07]} 3... c6 {
[%clk 00:07:09]} 4. Bd3 {[%clk 00:07:03]  [%emt 00:00:06]} 4... d5 {
[%clk 00:07:10]  [%emt 00:00:07]} 5. e5 {[%clk 00:07:04]} 5... Bg4 {
[%clk 00:07:11]} 6. h3 {[%clk 00:07:06]} 6... Bxf3 {
[%clk 00:07:13]  [%emt 00:00:04]} 7. Qxf3 {[%clk 00:07:07]} 7... e6 {
[%clk 00:07:15]} 8. O-O {[%clk 00:07:02]  [%emt 00:00:09]} 8... c5 {
[%clk 00:07:15]  [%emt 00:00:03]} 9. c3 {[%clk 00:07:04]} 9... Nc6 {
[%clk 00:07:15]  [%emt 00:00:03]} 10. Be3 {[%clk 00:07:02]  [%emt 00:00:06]}
10... cxd4 {[%clk 00:07:15]  [%emt 00:00:04]} 11. cxd4 {
[%clk 00:07:03]  [%emt 00:00:07]} 11... Qb6 {[%clk 00:06:39]  [%emt 00:00:28]}
12. Nd2 {[%clk 00:05:44]  [%emt 00:01:25]} 12... Nb4 {
[%clk 00:06:19]  [%emt 00:00:46]} 13. Be2 {[%clk 00:05:22]  [%emt 00:00:06]}
13... Ne7 {[%clk 00:05:34]  [%emt 00:00:45]} 14. Nb3 {
[%clk 00:05:08]  [%emt 00:00:14]} 14... Nxa2 {[%clk 00:04:42]  [%emt 00:00:54]}
15. Rxa2 {[%clk 00:04:44]  [%emt 00:00:33]} 15... Qxb3 {
[%clk 00:04:43]  [%emt 00:00:18]} 16. Rfa1 {[%clk 00:04:35]  [%emt 00:00:04]}
16... a6 {[%clk 00:04:42]} 17. Bd1 {[%clk 00:04:20]  [%emt 00:00:08]} 17... Qb6
{[%clk 00:04:02]  [%emt 00:00:43]} 18. Ba4+ {[%clk 00:04:07]  [%emt 00:00:16]}
18... Nc6 {[%clk 00:04:04]  [%emt 00:00:06]} 19. Qe2 {
[%clk 00:03:50]  [%emt 00:00:20]} 19... O-O {[%clk 00:03:58]  [%emt 00:00:22]}
20. Rc1 {[%clk 00:03:11]  [%emt 00:00:23]} 20... Rac8 {
[%clk 00:03:55]  [%emt 00:00:41]} 21. Qd2 {[%clk 00:02:57]  [%emt 00:00:04]}
21... Rc7 {[%clk 00:03:23]  [%emt 00:00:17]} 22. Raa1 {
[%clk 00:01:53]  [%emt 00:01:10]} 22... Rfc8 {[%clk 00:03:24]} 23. Rc2 {
[%clk 00:01:49]  [%emt 00:00:05]} 23... Nb4 {[%clk 00:02:45]  [%emt 00:00:40]}
24. Rxc7 {[%clk 00:01:46]  [%emt 00:00:20]} 24... Rxc7 {[%clk 00:02:46]} 25.
Rc1 {[%clk 00:01:40]  [%emt 00:00:04]} 25... Bf8 {
[%clk 00:02:29]  [%emt 00:00:16]} 26. Bd1 {[%clk 00:01:07]  [%emt 00:00:35]}
26... Rxc1 {[%clk 00:02:02]  [%emt 00:00:28]} 27. Qxc1 {
[%clk 00:01:09]  [%emt 00:00:08]} 27... Qc6 {[%clk 00:02:04]} 28. Qd2 {
[%clk 00:01:08]  [%emt 00:00:04]} 28... b5 {[%clk 00:01:50]  [%emt 00:00:11]}
29. Qe2 {[%clk 00:00:38]  [%emt 00:00:34]} 29... Qc4 {
[%clk 00:01:41]  [%emt 00:00:16]} 30. Qe1 {[%clk 00:00:14]  [%emt 00:00:21]}
30... Nc2 {[%clk 00:01:12]  [%emt 00:00:35]} 31. Bxc2 {
[%clk 00:00:16]  [%emt 00:00:03]} 31... Qxc2 {[%clk 00:01:13]} 32. Qa5 {
[%clk 00:00:18]} 32... Qxb2 {[%clk 00:00:41]  [%emt 00:00:33]} 33. Qxa6 {
[%clk 00:00:20]  [%emt 00:00:32]} 33... b4 {[%clk 00:00:28]  [%emt 00:00:03]}
34. Qc8 {[%clk 00:00:21]} 1-0

[Event "Torneo Aficionados Sub-2000 Utiel"]
[Site "Utiel, Spain"]
[Date "2018.08.26"]
[Round "7.5"]
[White "Arance Gonzalez, Luis"]
[Black "Galindo Montoya, Diego"]
[Result "0-1"]
[WhiteElo "1990"]
[BlackElo "1912"]
[PlyCount "44"]
[EventDate "2018.??.??"]

1. e4 {[%clk 00:07:03]} 1... e5 {[%clk 00:07:04]} 2. Nf3 {
[%clk 00:07:04]  [%emt 00:00:04]} 2... Nc6 {[%clk 00:07:05]} 3. d4 {
[%clk 00:07:05]  [%emt 00:00:03]} 3... exd4 {[%clk 00:07:07]} 4. Bc4 {
[%clk 00:07:06]  [%emt 00:00:10]} 4... Nf6 {[%clk 00:07:03]  [%emt 00:00:04]}
5. Ng5 {[%clk 00:07:07]} 5... d5 {[%clk 00:06:29]  [%emt 00:00:37]} 6. exd5 {
[%clk 00:06:55]  [%emt 00:00:12]} 6... Nxd5 {[%clk 00:05:54]  [%emt 00:00:34]}
7. O-O {[%clk 00:06:17]  [%emt 00:00:41]} 7... Be6 {
[%clk 00:03:27]  [%emt 00:02:44]} 8. Re1 {[%clk 00:05:20]  [%emt 00:00:49]}
8... Qd7 {[%clk 00:03:12]  [%emt 00:00:18]} 9. b3 {
[%clk 00:03:17]  [%emt 00:02:04]} 9... O-O-O {[%clk 00:02:57]  [%emt 00:00:17]}
10. Bb2 {[%clk 00:03:13]  [%emt 00:00:35]} 10... Bc5 {
[%clk 00:02:50]  [%emt 00:00:07]} 11. Ne4 {[%clk 00:02:53]  [%emt 00:00:03]}
11... Bb6 {[%clk 00:02:46]  [%emt 00:00:06]} 12. a4 {
[%clk 00:02:50]  [%emt 00:00:06]} 12... a5 {[%clk 00:02:44]  [%emt 00:00:08]}
13. Bb5 {[%clk 00:02:44]  [%emt 00:00:07]} 13... Bg4 {
[%clk 00:02:08]  [%emt 00:00:39]} 14. Qd3 {[%clk 00:02:18]  [%emt 00:00:31]}
14... Rhe8 {[%clk 00:01:28]  [%emt 00:00:37]} 15. Nbd2 {
[%clk 00:02:13]  [%emt 00:00:39]} 15... Ndb4 {[%clk 00:01:13]  [%emt 00:00:04]}
16. Bxc6 {[%clk 00:01:37]  [%emt 00:00:22]} 16... Qxc6 {
[%clk 00:01:03]  [%emt 00:00:33]} 17. Qg3 {[%clk 00:01:21]  [%emt 00:00:03]}
17... f5 {[%clk 00:00:59]  [%emt 00:00:08]} 18. Ng5 {
[%clk 00:01:06]  [%emt 00:00:13]} 18... Rxe1+ {[%clk 00:00:53]  [%emt 00:00:13]
} 19. Rxe1 {[%clk 00:01:07]} 19... Nxc2 {[%clk 00:00:54]  [%emt 00:00:08]} 20.
Re7 {[%clk 00:00:48]  [%emt 00:00:15]} 20... Nb4 {
[%clk 00:00:45]  [%emt 00:00:24]} 21. Nc4 {[%clk 00:00:34]  [%emt 00:00:05]}
21... d3 {[%clk 00:00:42]  [%emt 00:00:23]} 22. Ne3 {
[%clk 00:00:10]  [%emt 00:00:10]} 22... d2 {[%emt 00:00:39]} 0-1

[Event "Torneo Aficionados Sub-2000 Utiel"]
[Site "Utiel, Spain"]
[Date "2018.08.26"]
[Round "7.6"]
[White "Gimenez Sanchis, Fco. Andres"]
[Black "Lopez Escribano, Oscar"]
[Result "1-0"]
[WhiteElo "1971"]
[BlackElo "1792"]
[PlyCount "137"]
[EventDate "2018.??.??"]

1. e4 {[%clk 00:07:04]  [%emt 00:00:03]} 1... g6 {[%clk 00:07:04]} 2. d4 {
[%clk 00:07:05]  [%emt 00:00:04]} 2... Bg7 {[%clk 00:07:06]} 3. Bc4 {
[%clk 00:07:02]  [%emt 00:00:11]} 3... d6 {[%clk 00:07:08]} 4. Ne2 {
[%clk 00:06:59]  [%emt 00:00:04]} 4... a6 {[%clk 00:06:52]  [%emt 00:00:16]} 5.
c3 {[%clk 00:06:52]  [%emt 00:00:11]} 5... b5 {[%clk 00:06:52]  [%emt 00:00:04]
} 6. Bb3 {[%clk 00:06:53]  [%emt 00:00:03]} 6... Bb7 {[%clk 00:06:52]} 7. Ng3 {
[%clk 00:06:32]  [%emt 00:00:22]} 7... Nf6 {[%clk 00:06:47]  [%emt 00:00:40]}
8. Qe2 {[%clk 00:06:20]  [%emt 00:00:03]} 8... O-O {[%clk 00:06:46]} 9. O-O {
[%clk 00:06:13]  [%emt 00:00:12]} 9... Nbd7 {[%clk 00:06:48]} 10. f4 {
[%clk 00:06:04]  [%emt 00:00:10]} 10... c5 {[%clk 00:06:45]} 11. e5 {
[%clk 00:05:59]  [%emt 00:00:03]} 11... Nd5 {[%clk 00:06:34]  [%emt 00:00:13]}
12. Nd2 {[%clk 00:05:38]  [%emt 00:00:22]} 12... c4 {
[%clk 00:06:05]  [%emt 00:00:32]} 13. Bc2 {[%clk 00:05:38]  [%emt 00:00:37]}
13... dxe5 {[%clk 00:06:06]} 14. fxe5 {[%clk 00:05:36]} 14... N7b6 {
[%clk 00:05:07]  [%emt 00:00:35]} 15. Nde4 {[%clk 00:05:30]  [%emt 00:00:12]}
15... Nc8 {[%clk 00:04:58]  [%emt 00:00:09]} 16. Nc5 {
[%clk 00:05:21]  [%emt 00:00:25]} 16... Bc6 {[%clk 00:04:56]} 17. Bg5 {
[%clk 00:04:46]  [%emt 00:00:28]} 17... Qc7 {[%clk 00:03:57]  [%emt 00:01:02]}
18. Rf2 {[%clk 00:04:42]  [%emt 00:00:15]} 18... h6 {
[%clk 00:03:36]  [%emt 00:00:23]} 19. Bd2 {[%clk 00:04:32]  [%emt 00:00:08]}
19... e6 {[%clk 00:03:21]  [%emt 00:00:32]} 20. Raf1 {
[%clk 00:04:22]  [%emt 00:00:06]} 20... Nce7 {[%clk 00:03:09]  [%emt 00:00:08]}
21. Nge4 {[%clk 00:03:54]  [%emt 00:00:36]} 21... Nf5 {
[%clk 00:02:46]  [%emt 00:00:21]} 22. g4 {[%clk 00:03:27]  [%emt 00:00:29]}
22... Nh4 {[%clk 00:02:37]  [%emt 00:00:17]} 23. Be1 {
[%clk 00:02:53]  [%emt 00:00:45]} 23... g5 {[%clk 00:02:27]  [%emt 00:00:08]}
24. Bd2 {[%clk 00:01:40]  [%emt 00:01:08]} 24... Ne7 {
[%clk 00:02:18]  [%emt 00:00:13]} 25. Nf6+ {[%clk 00:01:36]  [%emt 00:00:07]}
25... Bxf6 {[%clk 00:02:13]  [%emt 00:00:06]} 26. Rxf6 {
[%clk 00:01:35]  [%emt 00:00:10]} 26... Neg6 {[%clk 00:02:05]  [%emt 00:00:22]}
27. Bxg6 {[%clk 00:01:25]} 27... Nxg6 {[%clk 00:02:07]  [%emt 00:00:03]} 28.
Nxe6 {[%clk 00:01:19]  [%emt 00:00:05]} 28... fxe6 {
[%clk 00:01:37]  [%emt 00:00:42]} 29. Rxg6+ {[%clk 00:01:20]} 29... Kh7 {
[%clk 00:01:27]  [%emt 00:00:05]} 30. Rff6 {[%clk 00:01:14]  [%emt 00:00:08]}
30... Rxf6 {[%clk 00:01:25]  [%emt 00:00:13]} 31. Rxf6 {[%clk 00:01:16]} 31...
Qd7 {[%clk 00:01:06]  [%emt 00:00:18]} 32. Kf2 {
[%clk 00:00:48]  [%emt 00:00:28]} 32... Qd5 {[%clk 00:01:08]} 33. Ke1 {
[%clk 00:00:32]  [%emt 00:00:25]} 33... Qh1+ {[%clk 00:01:08]  [%emt 00:00:04]}
34. Qf1 {[%clk 00:00:33]} 34... Qe4+ {[%clk 00:01:02]  [%emt 00:00:06]} 35. Kd1
{[%clk 00:00:25]  [%emt 00:00:12]} 35... Bd5 {[%clk 00:00:38]  [%emt 00:00:25]}
36. Rf7+ {[%clk 00:00:25]  [%emt 00:00:38]} 36... Kg8 {[%clk 00:00:37]} 37. Rf6
{[%clk 00:00:16]  [%emt 00:00:03]} 37... Qb1+ {[%clk 00:00:30]} 38. Bc1 {
[%clk 00:00:16]} 38... Be4 {[%clk 00:00:16]  [%emt 00:00:08]} 39. Qf2 {
[%clk 00:00:04]  [%emt 00:00:15]} 39... Qd3+ {[%clk 00:00:13]  [%emt 00:00:05]}
40. Bd2 {[%clk 00:00:05]  [%emt 00:00:34]} 40... Qb1+ {[%clk 00:00:13]} 41. Bc1
{[%clk 00:00:07]} 41... Qd3+ {[%clk 00:00:10]  [%emt 00:00:04]} 42. Bd2 {
[%clk 00:00:09]} 42... Qb1+ {[%clk 00:00:09]} 43. Bc1 {[%clk 00:00:12]} 43...
Qd3+ {[%clk 00:00:10]} 44. Qd2 {[%clk 00:00:12]} 44... Bf3+ {[%clk 00:00:09]}
45. Rxf3 {[%clk 00:00:13]} 45... Qxf3+ {[%clk 00:00:11]  [%emt 00:00:03]} 46.
Kc2 {[%clk 00:00:15]} 46... Qd3+ {[%clk 00:00:12]} 47. Qxd3 {[%clk 00:00:16]}
47... cxd3+ {[%clk 00:00:14]} 48. Kxd3 {[%clk 00:00:18]  [%emt 00:00:03]} 48...
Rf8 {[%clk 00:00:16]} 49. Be3 {[%clk 00:00:19]} 49... Rf3 {
[%clk 00:00:15]  [%emt 00:00:04]} 50. b3 {[%clk 00:00:21]} 50... Rh3 {
[%clk 00:00:16]  [%emt 00:00:03]} 51. c4 {[%clk 00:00:23]} 51... bxc4+ {
[%emt 00:00:03]} 52. bxc4 Kf7 {[%clk 00:00:11]  [%emt 00:00:08]} 53. d5 {
[%clk 00:00:24]  [%emt 00:00:08]} 53... Rxh2 {[%clk 00:00:08]  [%emt 00:00:04]}
54. d6 {[%clk 00:00:25]} 54... Rh1 {[%clk 00:00:08]} 55. c5 {[%clk 00:00:27]}
55... Rd1+ {[%clk 00:00:09]  [%emt 00:00:03]} 56. Kc4 {
[%clk 00:00:27]  [%emt 00:00:09]} 56... Ke8 {[%clk 00:00:07]  [%emt 00:00:03]}
57. c6 Re1 {[%clk 00:00:07]} 58. d7+ {[%clk 00:00:29]  [%emt 00:00:03]} 58...
Ke7 {[%clk 00:00:06]  [%emt 00:00:04]} 59. Bc5+ {
[%clk 00:00:30]  [%emt 00:00:04]} 59... Kd8 {[%clk 00:00:08]} 60. Bb6+ {
[%clk 00:00:32]} 60... Ke7 {[%clk 00:00:09]  [%emt 00:00:03]} 61. d8=Q+ {
[%clk 00:00:31]} 61... Kf7 {[%clk 00:00:11]  [%emt 00:00:03]} 62. Qf6+ {
[%clk 00:00:32]} 62... Ke8 {[%clk 00:00:10]  [%emt 00:00:05]} 63. Qxe6+ {
[%clk 00:00:33]  [%emt 00:00:06]} 63... Kf8 {[%clk 00:00:11]  [%emt 00:00:04]}
64. Bc5+ {[%clk 00:00:34]} 64... Kg7 {[%clk 00:00:12]} 65. Qf6+ {
[%clk 00:00:36]} 65... Kh7 {[%clk 00:00:12]  [%emt 00:00:03]} 66. e6 {
[%clk 00:00:36]  [%emt 00:00:03]} 66... Rc1+ {[%clk 00:00:12]  [%emt 00:00:03]}
67. Kd5 {[%clk 00:00:37]  [%emt 00:00:03]} 67... Rd1+ {[%clk 00:00:14]} 68. Bd4
{[%clk 00:00:39]} 68... Rc1 {[%clk 00:00:10]  [%emt 00:00:08]} 69. Qg7# {
[%emt 00:00:06]} 1-0

[Event "Torneo Aficionados Sub-2000 Utiel"]
[Site "Utiel, Spain"]
[Date "2018.08.26"]
[Round "8.1"]
[White "Carbonell Sancho, Marc"]
[Black "Fernandez Garcia, Olmo"]
[Result "1-0"]
[WhiteElo "1981"]
[BlackElo "1834"]
[PlyCount "106"]
[EventDate "2018.??.??"]

1. e4 {[%clk 00:07:05]  [%emt 00:00:11]} 1... e5 {[%clk 00:07:04]} 2. Nf3 {
[%clk 00:07:06]} 2... Nc6 {[%clk 00:07:05]} 3. d4 {[%clk 00:07:08]} 3... exd4 {
[%clk 00:07:04]  [%emt 00:00:23]} 4. Nxd4 {[%clk 00:07:09]} 4... Bc5 {
[%clk 00:07:05]} 5. Nxc6 {[%clk 00:07:10]  [%emt 00:00:06]} 5... Qf6 {
[%clk 00:07:04]} 6. Qd2 {[%clk 00:07:11]} 6... Qxc6 {
[%clk 00:06:11]  [%emt 00:00:41]} 7. Nc3 {[%clk 00:07:12]  [%emt 00:00:09]}
7... Nf6 {[%clk 00:06:03]  [%emt 00:00:05]} 8. Bd3 {
[%clk 00:07:11]  [%emt 00:00:38]} 8... O-O {[%clk 00:05:45]  [%emt 00:00:09]}
9. O-O {[%clk 00:07:10]} 9... Bb4 {[%clk 00:05:30]  [%emt 00:00:04]} 10. e5 {
[%clk 00:04:56]  [%emt 00:02:12]} 10... Bxc3 {[%clk 00:04:02]  [%emt 00:01:34]}
11. bxc3 {[%clk 00:04:57]  [%emt 00:00:03]} 11... Nd5 {
[%clk 00:03:15]  [%emt 00:00:46]} 12. c4 {[%clk 00:04:55]  [%emt 00:00:24]}
12... Nb6 {[%clk 00:02:48]  [%emt 00:00:41]} 13. Qe2 {[%clk 00:04:56]} 13...
Qe6 {[%clk 00:01:46]  [%emt 00:00:46]} 14. Bb2 {
[%clk 00:04:43]  [%emt 00:00:07]} 14... d6 {[%clk 00:01:15]  [%emt 00:00:39]}
15. Rfe1 {[%clk 00:02:52]  [%emt 00:01:50]} 15... d5 {
[%clk 00:00:36]  [%emt 00:00:44]} 16. cxd5 {[%clk 00:02:39]  [%emt 00:00:16]}
16... Qxd5 {[%clk 00:00:34]  [%emt 00:00:11]} 17. c4 {
[%clk 00:02:01]  [%emt 00:00:32]} 17... Qe6 {[%clk 00:00:34]  [%emt 00:00:06]}
18. Rad1 {[%clk 00:02:03]  [%emt 00:00:04]} 18... Qg4 {
[%clk 00:00:20]  [%emt 00:00:12]} 19. f3 {[%clk 00:01:48]  [%emt 00:00:50]}
19... Qh5 {[%clk 00:00:18]} 20. Qe4 {[%clk 00:01:38]  [%emt 00:00:07]} 20... c6
{[%clk 00:00:16]} 21. Bb1 {[%clk 00:00:55]  [%emt 00:00:30]} 21... Be6 {
[%clk 00:00:17]  [%emt 00:00:31]} 22. Bd3 {[%clk 00:00:49]  [%emt 00:00:07]}
22... Rad8 {[%clk 00:00:18]} 23. Bf1 {[%clk 00:00:51]} 23... Rfe8 {
[%clk 00:00:19]} 24. Qc2 {[%clk 00:00:44]} 24... Bf5 {[%clk 00:00:19]} 25. Qc3
{[%clk 00:00:46]} 25... Be6 {[%clk 00:00:20]} 26. Qb3 {
[%clk 00:00:41]  [%emt 00:00:06]} 26... Qg5 {[%clk 00:00:19]  [%emt 00:00:04]}
27. a4 {[%clk 00:00:42]  [%emt 00:00:03]} 27... Nd7 {[%clk 00:00:20]} 28. Qxb7
{[%clk 00:00:37]  [%emt 00:00:08]} 28... Rb8 {[%clk 00:00:19]  [%emt 00:00:17]}
29. Qxc6 {[%clk 00:00:34]  [%emt 00:00:04]} 29... Rxb2 {[%clk 00:00:21]} 30.
Rxd7 {[%clk 00:00:33]} 30... Bxd7 {[%clk 00:00:22]} 31. Qxd7 {[%clk 00:00:35]}
31... Rbb8 {[%clk 00:00:23]  [%emt 00:00:05]} 32. Qxa7 {[%clk 00:00:34]} 32...
Qe7 {[%clk 00:00:22]} 33. Qd4 {[%clk 00:00:27]  [%emt 00:00:08]} 33... Red8 {
[%clk 00:00:19]  [%emt 00:00:11]} 34. Qe4 {[%clk 00:00:28]  [%emt 00:00:03]}
34... Qa7+ {[%clk 00:00:21]} 35. Kh1 {[%clk 00:00:26]  [%emt 00:00:05]} 35...
Qxa4 {[%clk 00:00:22]} 36. Bd3 {[%clk 00:00:27]} 36... g6 {
[%clk 00:00:23]  [%emt 00:00:03]} 37. e6 {[%clk 00:00:29]  [%emt 00:00:04]}
37... Qa7 {[%clk 00:00:17]  [%emt 00:00:07]} 38. exf7+ {
[%clk 00:00:25]  [%emt 00:00:11]} 38... Qxf7 {[%clk 00:00:19]  [%emt 00:00:04]}
39. c5 {[%clk 00:00:23]} 39... Re8 {[%clk 00:00:16]  [%emt 00:00:04]} 40. Bc4 {
[%clk 00:00:25]  [%emt 00:00:07]} 40... Rxe4 {[%clk 00:00:16]} 41. Bxf7+ {
[%clk 00:00:27]  [%emt 00:00:03]} 41... Kxf7 {[%clk 00:00:18]} 42. Rxe4 {
[%clk 00:00:29]} 42... Rc8 {[%clk 00:00:20]} 43. Rc4 {[%clk 00:00:31]} 43...
Ke6 {[%clk 00:00:22]  [%emt 00:00:08]} 44. Kg1 {[%clk 00:00:33]} 44... Kd5 {
[%clk 00:00:24]} 45. Rc1 {[%clk 00:00:36]} 45... Rxc5 {[%clk 00:00:25]} 46.
Rxc5+ {[%clk 00:00:38]  [%emt 00:00:05]} 46... Kxc5 {[%clk 00:00:26]} 47. Kf2 {
[%clk 00:00:40]} 47... Kd4 {[%clk 00:00:27]} 48. Kg3 {[%clk 00:00:41]} 48...
Ke5 {[%clk 00:00:29]} 49. Kg4 {[%clk 00:00:43]} 49... h6 {
[%clk 00:00:29]  [%emt 00:00:08]} 50. h4 {[%clk 00:00:45]} 50... Kf6 {
[%clk 00:00:29]} 51. h5 {[%clk 00:00:47]} 51... g5 {
[%clk 00:00:07]  [%emt 00:00:22]} 52. g3 {[%clk 00:00:35]  [%emt 00:00:14]}
52... Ke5 {[%clk 00:00:07]  [%emt 00:00:05]} 53. Kh3 {[%clk 00:00:36]} 53...
Kf5 {[%clk 00:00:08]  [%emt 00:00:11]} 1-0

[Event "Torneo Aficionados Sub-2000 Utiel"]
[Site "Utiel, Spain"]
[Date "2018.08.26"]
[Round "8.2"]
[White "Galindo Montoya, Diego"]
[Black "Gimenez Sanchis, Fco. Andres"]
[Result "1-0"]
[WhiteElo "1912"]
[BlackElo "1971"]
[PlyCount "121"]
[EventDate "2018.??.??"]

1. b3 {[%clk 00:07:02]} 1... Nf6 {[%clk 00:07:01]} 2. Bb2 {[%clk 00:07:04]}
2... g6 {[%clk 00:07:02]} 3. e3 {[%clk 00:07:05]} 3... Bg7 {
[%clk 00:07:03]  [%emt 00:00:09]} 4. c4 {[%clk 00:07:06]} 4... O-O {
[%clk 00:07:01]} 5. d4 {[%clk 00:07:05]} 5... d6 {[%clk 00:07:02]} 6. Nf3 {
[%clk 00:07:06]  [%emt 00:00:03]} 6... Re8 {[%clk 00:07:02]} 7. Be2 {
[%clk 00:07:07]} 7... Nbd7 {[%clk 00:06:57]  [%emt 00:00:04]} 8. O-O {
[%clk 00:07:08]  [%emt 00:00:04]} 8... b6 {[%clk 00:06:53]  [%emt 00:00:07]} 9.
Nc3 {[%clk 00:07:03]  [%emt 00:00:10]} 9... Bb7 {
[%clk 00:06:53]  [%emt 00:00:04]} 10. Re1 {[%clk 00:07:04]} 10... e5 {
[%clk 00:06:52]  [%emt 00:00:09]} 11. Qc2 {[%clk 00:06:58]  [%emt 00:00:14]}
11... Qe7 {[%clk 00:05:49]  [%emt 00:00:51]} 12. Rad1 {
[%clk 00:06:57]  [%emt 00:00:07]} 12... h5 {[%clk 00:05:20]  [%emt 00:00:29]}
13. Nb5 {[%clk 00:06:59]  [%emt 00:00:28]} 13... Rec8 {
[%clk 00:04:54]  [%emt 00:00:14]} 14. Ba3 {[%clk 00:06:43]  [%emt 00:00:07]}
14... a6 {[%clk 00:04:50]  [%emt 00:00:29]} 15. Nc3 {
[%clk 00:05:35]  [%emt 00:00:49]} 15... Nh7 {[%clk 00:04:15]  [%emt 00:00:48]}
16. Ne4 {[%clk 00:04:41]  [%emt 00:00:46]} 16... Ndf6 {
[%clk 00:02:57]  [%emt 00:01:24]} 17. Neg5 Nxg5 {[%clk 00:02:51]} 18. Nxg5 {
[%clk 00:04:12]  [%emt 00:00:03]} 18... Ng4 {[%clk 00:02:25]  [%emt 00:00:04]}
19. Nf3 {[%clk 00:04:04]  [%emt 00:00:10]} 19... e4 {
[%clk 00:02:15]  [%emt 00:00:15]} 20. Nd2 {[%clk 00:03:58]  [%emt 00:00:09]}
20... Qh4 {[%clk 00:02:01]  [%emt 00:00:15]} 21. Bxg4 {
[%clk 00:03:58]  [%emt 00:00:17]} 21... Qxg4 {[%clk 00:01:57]  [%emt 00:00:03]}
22. h3 {[%clk 00:03:52]} 22... Qh4 {[%clk 00:01:50]  [%emt 00:00:07]} 23. Kh2 {
[%clk 00:03:47]  [%emt 00:00:36]} 23... Re8 {[%clk 00:01:31]  [%emt 00:00:04]}
24. g3 {[%clk 00:03:20]  [%emt 00:00:20]} 24... Qf6 {
[%clk 00:01:27]  [%emt 00:00:14]} 25. Bb2 {[%clk 00:03:10]  [%emt 00:00:09]}
25... Qxf2+ {[%clk 00:01:23]  [%emt 00:00:07]} 26. Kh1 {
[%clk 00:03:08]  [%emt 00:00:06]} 26... Qxg3 {[%clk 00:01:21]  [%emt 00:00:06]}
27. Nf1 {[%clk 00:03:05]  [%emt 00:00:10]} 27... Qxh3+ {
[%clk 00:01:17]  [%emt 00:00:08]} 28. Nh2 {[%clk 00:03:05]} 28... Bh6 {
[%clk 00:01:07]  [%emt 00:00:16]} 29. Qf2 {[%clk 00:03:03]} 29... Bg5 {
[%clk 00:00:54]  [%emt 00:00:11]} 30. Bc1 {[%clk 00:02:56]  [%emt 00:00:12]}
30... Bh4 {[%clk 00:00:51]  [%emt 00:00:10]} 31. Qf1 {
[%clk 00:02:53]  [%emt 00:00:03]} 31... Qxf1+ {[%clk 00:00:42]  [%emt 00:00:12]
} 32. Rxf1 {[%clk 00:02:55]  [%emt 00:00:03]} 32... Re6 {
[%clk 00:00:36]  [%emt 00:00:05]} 33. d5 {[%clk 00:02:46]  [%emt 00:00:15]}
33... Rf6 {[%clk 00:00:36]  [%emt 00:00:04]} 34. Bb2 {
[%clk 00:02:46]  [%emt 00:00:04]} 34... Rf2 {[%clk 00:00:32]  [%emt 00:00:05]}
35. Rxf2 {[%clk 00:02:44]  [%emt 00:00:07]} 35... Bxf2 {
[%clk 00:00:34]  [%emt 00:00:06]} 36. Nf1 {[%clk 00:02:46]} 36... f5 {
[%clk 00:00:28]  [%emt 00:00:07]} 37. Rd2 {[%clk 00:02:46]  [%emt 00:00:04]}
37... Bh4 {[%clk 00:00:27]} 38. Rh2 {[%clk 00:02:36]  [%emt 00:00:07]} 38...
Be7 {[%clk 00:00:27]  [%emt 00:00:29]} 39. Rg2 {[%clk 00:02:37]} 39... Kf7 {
[%clk 00:00:28]  [%emt 00:00:04]} 40. Ng3 {[%clk 00:02:36]} 40... Bf6 {
[%clk 00:00:29]} 41. Bc1 {[%clk 00:02:35]} 41... Rh8 {[%clk 00:00:28]} 42. Ne2
{[%clk 00:02:36]} 42... c6 {[%clk 00:00:28]  [%emt 00:00:04]} 43. dxc6 {
[%clk 00:02:36]} 43... Bxc6 {[%clk 00:00:29]} 44. Nf4 {
[%clk 00:02:37]  [%emt 00:00:03]} 44... g5 {[%clk 00:00:29]} 45. Nh3 {
[%clk 00:02:25]  [%emt 00:00:15]} 45... Kg6 {[%clk 00:00:30]  [%emt 00:00:03]}
46. Nf4+ {[%clk 00:02:25]  [%emt 00:00:03]} 46... Kf7 {[%clk 00:00:31]} 47. Nh3
{[%clk 00:02:26]  [%emt 00:00:04]} 47... Rg8 {[%clk 00:00:32]  [%emt 00:00:08]}
48. Ba3 {[%clk 00:02:27]} 48... Ke6 {[%clk 00:00:28]  [%emt 00:00:08]} 49. Rd2
{[%clk 00:02:27]  [%emt 00:00:04]} 49... Be5 {[%clk 00:00:29]} 50. Kg2 {
[%clk 00:02:20]  [%emt 00:00:05]} 50... f4 {[%clk 00:00:30]  [%emt 00:00:08]}
51. Kf2 {[%clk 00:02:12]  [%emt 00:00:13]} 51... fxe3+ {[%clk 00:00:29]} 52.
Kxe3 {[%clk 00:02:13]  [%emt 00:00:04]} 52... g4 {[%clk 00:00:28]} 53. Nf4+ {
[%clk 00:02:11]  [%emt 00:00:04]} 53... Bxf4+ {[%clk 00:00:28]  [%emt 00:00:03]
} 54. Kxf4 {[%clk 00:02:13]} 54... d5 {[%clk 00:00:25]  [%emt 00:00:07]} 55.
cxd5+ {[%clk 00:02:12]  [%emt 00:00:06]} 55... Bxd5 {[%clk 00:00:27]} 56. Rh2 {
[%clk 00:02:08]  [%emt 00:00:06]} 56... g3 {[%clk 00:00:17]  [%emt 00:00:13]}
57. Rxh5 {[%clk 00:01:27]  [%emt 00:00:40]} 57... g2 {
[%clk 00:00:14]  [%emt 00:00:12]} 58. Rh6+ {[%clk 00:01:29]} 58... Kd7 {
[%clk 00:00:15]} 59. Rh7+ {[%clk 00:01:30]  [%emt 00:00:04]} 59... Kc6 {
[%clk 00:00:16]  [%emt 00:00:04]} 60. Rh6+ {[%clk 00:01:30]} 60... Kb5 {
[%emt 00:00:41]} 61. Rh1 {[%clk 00:07:02]  [%emt 00:00:15]} 1-0